|
|
|
|
| LEADER |
00669nab a2200205 i 4500 |
| 001 |
acta11111 |
| 005 |
20250521083842.0 |
| 008 |
161015s1993 hu o 000 hun d |
| 022 |
|
|
|a 0865-5553
|
| 040 |
|
|
|a SZTE Egyetemi Kiadványok Repozitórium
|b hun
|
| 041 |
|
|
|a hun
|
| 100 |
1 |
|
|a Czilczer Olga
|
| 245 |
1 |
3 |
|a Az erdőnek hitt kalitka
|h [elektronikus dokumentum] /
|c Czilczer Olga
|
| 260 |
|
|
|a Pompeji Alapítvány
|b Szeged
|c 1993
|
| 300 |
|
|
|a 60
|
| 490 |
0 |
|
|a Pompeji
|
| 650 |
|
4 |
|a Bölcsészettudományok
|
| 650 |
|
4 |
|a Nyelvek és irodalom
|
| 695 |
|
|
|a Magyar irodalom - próza
|
| 856 |
4 |
0 |
|u http://acta.bibl.u-szeged.hu/11111/1/pompeji_1993_001_002_060.pdf
|z Dokumentum-elérés
|